000
00313nam a22001337a 4500
008
180115b xxu||||| |||| 00| 0 eng d
020
_a
9780321364968
041
_a
eng
080
_2
3rd
_a
37
100
_a
46
101
_a
EDU
245
_a
Godd reasons with contemporary arguments
_c
Faigley,L
942
_2
udc
_c
BK
999
_c
40257
_d
40257